00290nam a2200121Ia 4500008004100000041000900041082001500050100002200065245001800087260004800105300000700153650000800160230718s9999 xx 000 0 und d aEng. a340bLAT-P aLate M. Malik Mis 0aP.L.D. (2008) aPakistanbAll Pakistan legal decisionc2011 a38 aLaw